| 000 | 004790000a22001930004500 | ||
|---|---|---|---|
| 001 | 002436 | ||
| 003 | MACL | ||
| 005 | 20150828121933.0 | ||
| 008 | 150828b xxu||||| |||| 00| 0 eng d | ||
| 040 |
_aMACL _cMACL |
||
| 041 | _aEnglish | ||
| 082 | _a709.0113/CHA | ||
| 100 |
_aChakraverty, _97820 |
||
| 245 |
_aRock Art Studies In India _bA Historical Perspective _cChakraverty |
||
| 260 |
_aKolkata _c2003 |
||
| 350 | _a400 | ||
| 650 |
_aThe Arts _97821 |
||
| 942 |
_k709 _cBK _2ddc |
||
| 999 |
_c14348 _d14348 |
||